रघुमाथ पंडित विरचित नल-दमयंती स्वयंवर (Record no. 82912)

MARC details
000 -LEADER
fixed length control field 00714nam a2200157Ia 4500
008 - FIXED-LENGTH DATA ELEMENTS--GENERAL INFORMATION
fixed length control field 090124s9999 xx 000 0 und d
082 ## - DEWEY DECIMAL CLASSIFICATION NUMBER
Item number 3628
245 ## - TITLE STATEMENT
Title रघुमाथ पंडित विरचित नल-दमयंती स्वयंवर
250 ## - EDITION STATEMENT
Edition statement 1
260 ## - PUBLICATION, DISTRIBUTION, ETC. (IMPRINT)
Name of publisher, distributor, etc सोमय्या पब्लिकेशन्स प्रा. लि. बॉँम्बे
Date of publication, distribution, etc 1971
300 ## - PHYSICAL DESCRIPTION
Extent 140
630 ## - SUBJECT ADDED ENTRY--UNIFORM TITLE
Uniform title रघुमाथ पंडित विरचित नल-दमयंती स्वयंवर
700 ## - ADDED ENTRY--PERSONAL NAME
Personal name भिडे श्री.र.
730 ## - ADDED ENTRY--UNIFORM TITLE
Uniform title रघुमाथ पंडित विरचित नल-दमयंती स्वयंवर
942 ## - ADDED ENTRY ELEMENTS (KOHA)
Koha item type Book
Holdings
Withdrawn status Lost status Damaged status Not for loan Home library Current library Date acquired Cost, normal purchase price Total Checkouts Full call number Barcode Date last seen Cost, replacement price Price effective from Koha item type
        Nagar Wachan Mandir, Thane Nagar Wachan Mandir, Thane   6.00   3628 THNNWM-3628 01/24/2009 6.00 01/24/2009 Book